000 00857nam a2200253Ia 4500
003 OSt
005 20220923223132.0
006 a|||||r|||| 00| 0
007 ta
008 220922b |||||||| |||| 00| 0 hin d
024 _a211,288
037 _cTextual
040 _aARTS
_cARTS
_bhin
041 _2hin
_ahin
082 _aO152,3x, M5
100 _aबक्षी, रमेश
245 0 _aहिन्दी कहानी का मध्यातंर
_b 36 कहानियां
246 _aHindī kahānī kā madhyātanra: 36 kahāniyāan
260 _aदिल्ली
_b सन्मार्ग प्रका0
_c1985
300 _a271पृ.
_ccm.
650 _aहिन्दी साहित्य
_9156264
942 _hO152,3x, M5
_cTEXL
_2CC
999 _c361567
_d361567